| 000 | 00639nam a2200205Ia 4500 | ||
|---|---|---|---|
| 008 | 140321s9999 xx 000 0 und d | ||
| 020 | _a9781118213704 | ||
| 050 |
_aQA 76.73.S67 _b.Su845 2013 |
||
| 100 | _aSuehring, Steven | ||
| 245 |
_aPHP, MySQL, JavaScript & HTML5 all-in-one for dummies / _cSteve Suehring and Janet Valade. |
||
| 260 |
_aNew Jersey : _bJohn Wiley and Sons, _cc2013. |
||
| 300 |
_a692 p. : _bill. ; _c24 cm. |
||
| 500 | _aIncludes index. | ||
| 521 | _aIT | ||
| 650 | _aInternet programming. | ||
| 650 | _aMySQL (Electronic resources). | ||
| 650 | _aRelational databases. | ||
| 942 |
_kFOR _cBK |
||
| 999 |
_c48684 _d48684 |
||